| 000 | 01773cam a2200445 4500 | ||
|---|---|---|---|
| 001 | L135336 | ||
| 008 | 061016n2005 000 0 eng u | ||
| 020 | _a9781900915335 | ||
| 035 | _a(Sirsi) u135336 | ||
| 041 | 0 | _aeng | |
| 050 | 0 | 4 | _a690.241 $2 18 |
| 110 | 2 |
_aCathedral Communications Limited _93087 |
|
| 245 | 0 | 0 |
_aHistoric churches _bthe conservation and repair of ecclesiastical buildings |
| 250 | _a12th ed. | ||
| 260 |
_aTisbury _bCathedral Communications Limited _c2005 |
||
| 300 |
_a56p. _bill. _c30cm. |
||
| 350 | _a6 | ||
| 490 | 4 | _aBuilding Conservation Directory Special Report | |
| 505 | 0 | _aSaving places of worship in Wales -- The forgotten necropolis -- West Walton wall paintings -- Brave new churches -- Repair and conservation of reinforced concrete -- The beasts of Bloomsbury -- Aesthetic protective glazing -- Stone crosses -- Cleaning directive plaster -- New work in historic churches -- Underpinning -- Streamlining protection | |
| 520 | _aDiscusses issues, building techniques and materials relevant to the conservation and repair of churches. Includes a directory of useful organisations, products and services. | ||
| 590 | _aKA | ||
| 651 | 4 |
_aUnited Kingdom _y |
|
| 690 | _aBUILT ENVIRONMENT-BUILDING MAINTENANCE AND REFURBISHMENT-BUILDING RESTORATION | ||
| 700 | 1 | _aOwen, Gruff | |
| 700 | 1 | _aSumner, Neil | |
| 700 | 1 | _aRutherford, Lucy | |
| 700 | 1 | _aLithgow, Richard | |
| 700 | 1 | _aPerry, Mark | |
| 700 | 1 | _aHarwood, Elain | |
| 700 | 1 | _aFarrell, David | |
| 700 | 1 | _aDavies, Kevin | |
| 700 | 1 | _aCrawley, Tim | |
| 700 | 1 | _aBambrough, Mark | |
| 700 | 1 | _aGreen, Edward | |
| 700 | 1 | _aIreland, Richard | |
| 700 | 1 | _aSaunders, Matthew | |
| 700 | 1 | _aAddison, John | |
| 700 | 1 | _aTaylor, Jonathan | |
| 942 | _n0 | ||
| 999 |
_c106010 _d106010 |
||